000 00292nam a22001337a 4500
008 170411b xxu||||| |||| 00| 0 eng d
020 _a9782894330135
041 _aeng
080 _a612.39
100 _a10
101 _aSM
245 _aSIMPLY DELICIOUS
_cRAHANTIOTIS, A
942 _2udc
_cBK
999 _c10419
_d10419